right where you left me lyrics - Statistics

General Stats
  • This quiz has been taken 217 times
  • The average score is 329 of 386
Answer Stats
Lyrics % Correct
I,
99%
I
99%
left
99%
me
99%
me,
99%
right
99%
up,
99%
up
99%
where
99%
you
99%
You
99%
a
98%
I'm
98%
in
98%
the
98%
but
97%
But
97%
to
97%
hear
96%
when
96%
still
94%
Still
94%
and
93%
And
93%
at
93%
get
93%
on
93%
restaurant
93%
restaurant,
93%
break
92%
Friends
92%
friends
92%
stay
92%
ever
91%
her
91%
married
91%
Strangers
91%
strangers
91%
no,
90%
no
90%
so
89%
corner
88%
for
88%
haunt
88%
Help,
88%
my
88%
new
88%
there,
88%
there
88%
They
88%
they
88%
"What
88%
who
88%
pin
87%
sad
87%
say,
87%
sitting
87%
some
87%
hair
86%
here
86%
it
86%
born,
84%
could
84%
fly
84%
got
84%
light
84%
light,
84%
buried
83%
dim
83%
everybody
83%
Cross
82%
dust
82%
Dust
82%
girl
82%
choice
81%
Did
81%
moved
81%
rumors
81%
she
81%
sight"
81%
skies,
81%
through
81%
was
81%
23
80%
drop
80%
forever
80%
that
80%
white
80%
about
79%
change,
79%
Glass
79%
collected
78%
legged
78%
pinned
78%
Time
78%
cloth,
77%
frozen?
77%
inside
77%
oh,
77%
one
77%
other
77%
stayed
77%
stop
77%
fantasy,
76%
fantasy
76%
felt
76%
moment
76%
shattered
76%
Trends
76%
burn
74%
stick
74%
each
73%
Pages
73%
told
73%
turn
73%
after
72%
be
72%
She's
72%
find
70%
want
70%
just
69%
Matches
69%
went
69%
have
68%
know
68%
met
68%
someone
68%
don't
67%
lives
67%
sat
67%
swear
67%
delusion?
66%
else,
66%
expected
66%
won't
66%
everything
64%
how
64%
of
64%
out
64%
you're
64%
learned,
63%
somewhere,
63%
Break-ups
62%
'cause
62%
cause
62%
feel
62%
happen
62%
lessons
62%
stared
62%
If
61%
if
61%
kids
61%
supposed
61%
wife
61%
perspective,
60%
everyday,
59%
front
59%
mascara
59%
Christmas
58%
lose
58%
earned
57%
sure
57%
unaware
57%
run
56%
it's
54%
Wages
54%
harm,
50%
love
49%
think
48%
business
47%
mind
47%
wrong,
47%
can't
46%
young,
46%
witness
44%
our
43%
bear
42%
been
42%
long,
42%
died
41%
No matching quizzes found
Score Distribution
Percent of People with Each Score
Percentile by Number Answered
Your Score History
You have not taken this quiz